| 000 | 00553nam a2200145Ia 4500 | ||
|---|---|---|---|
| 008 | 140724s9999 xx 000 0 und d | ||
| 050 |
_aRT 75 _b.C112 2011 |
||
| 100 | _aCabansag, Shane. | ||
| 245 | 4 |
_aThe relationship between the learning styles of 4th yr AY 2010-2011 of Southville International School and Colleges and their Academic performance / _cShane Cabansag. |
|
| 260 |
_aLas PiƱas, Philippines : _bSouthville International School and Colleges, _cc2011. |
||
| 300 |
_a44 p. : _c28 cm. |
||
| 521 | _aNursing | ||
| 942 | _cTH | ||
| 999 |
_c228687 _d228687 |
||